The Journal of clinical investigation (Record no. 192862)

MARC details
000 -LEADER
campo de control de longitud fija 01422nas a2200445 i 4500
001 - NÚMERO DE CONTROL
campo de control 192862
003 - IDENTIFICADOR DE NÚMERO DE CONTROL
campo de control ES-MaACL
005 - FECHA Y HORA DE LA ÚLTIMA TRANSACCIÓN
campo de control 20250806053936.0
007 - CAMPO FIJO DE DESCRIPCIÓN FÍSICA--INFORMACIÓN GENERAL
campo de control de longitud fija ta
008 - DATOS DE LONGITUD FIJA--INFORMACIÓN GENERAL
campo de control de longitud fija 230622c19249999xxumr1p 0 a0eng
022 0# - NÚMERO INTERNACIONAL NORMALIZADO PARA PUBLICACIONES SERIADAS
Número Internacional Normalizado para Publicaciones Seriadas 0021-9738
030 ## - DESIGNACIÓN CODEN
CODEN JCINAO
035 ## - NÚMERO DE CONTROL DEL SISTEMA
Número de control de sistema 00219738
040 ## - FUENTE DE CATALOGACIÓN
Centro catalogador/agencia de origen ISSN
Lengua de catalogación spa
Centro/agencia transcriptor ES-MaACL
080 ## - NÚMERO DE LA CLASIFICACIÓN DECIMAL UNIVERSAL
Número de la Clasificación Decimal Universal 616
082 0# - NÚMERO DE LA CLASIFICACIÓN DECIMAL DEWEY
Número de clasificación 616/.005
210 1# - TÍTULO ABREVIADO
Título abreviado J. clin. invest.
222 #4 - TÍTULO CLAVE
Título clave The Journal of clinical investigation
245 14 - MENCIÓN DEL TÍTULO
Título The Journal of clinical investigation
246 13 - FORMA VARIANTE DEL TITULO
Título propio/Titulo breve JCI
260 ## - PUBLICACIÓN, DISTRIBUCIÓN, ETC.
Lugar de publicación, distribución, etc. New York, N.Y. :
Nombre del editor, distribuidor, etc. American Society for Clinical Investigation,
Fecha de publicación, distribución, etc. 1924-
300 ## - DESCRIPCIÓN FÍSICA
Extensión 4 v. ;
Dimensiones 25 cm
310 ## - PERIODICIDAD ACTUAL
Periodicidad actual Bimensual
336 ## - TIPO DE CONTENIDO
Fuente isbdcontent
Término de tipo de contenido Texto (visual)
337 ## - TIPO DE MEDIO
Fuente isbdmedia
Nombre/término del tipo de medio sin mediación
362 0# - FECHAS DE PUBLICACIÓN Y/O DESIGNACIÓN SECUENCIAL
Fecha de publicación y/o designación secuencial Vol. 1 (Oct. 1924)-
650 07 - PUNTO DE ACCESO ADICIONAL DE MATERIA--TÉRMINO DE MATERIA
Término de materia o nombre geográfico como elemento de entrada Medicina clínica
Fuente del encabezamiento o término embne
9 (RLIN) 14921
710 0# - ENTRADA AGREGADA--NOMBRE DE ENTIDAD CORPORATIVA
Nombre de entidad corporativa o nombre de jurisdicción como elemento de entrada American Society for Clinical Investigation
9 (RLIN) 226740
776 0# - ENTRADA DE FORMULARIO FÍSICO ADICIONAL
Título The journal of clinical investigation (Online).
Número Internacional Normalizado para Publicaciones Seriadas 1558-8238
776 0# - ENTRADA DE FORMULARIO FÍSICO ADICIONAL
Título Journal of clinical investigation
785 01 - ENTRADA/ENLACE A UN TÍTULO POSTERIOR
Título Clinical research.
Número Internacional Normalizado para Publicaciones Seriadas 0009-9279
787 0# - ENTRA/ENLACE A OTRAS RELACIONES
Título JCI impact (Print).
Número Internacional Normalizado para Publicaciones Seriadas 2324-7703
852 ## - LOCALIZACIÓN
Encuadernación CPPBAM, 1586
856 41 - LOCALIZACIÓN Y ACCESO ELECTRÓNICOS
Identificador Uniforme de Recursos <a href="http://www.jci.org/">http://www.jci.org/</a>
Texto de enlace Versión en línea
856 42 - LOCALIZACIÓN Y ACCESO ELECTRÓNICOS
Identificador Uniforme de Recursos <a href="http://www.jci.org/impact">http://www.jci.org/impact</a>
Texto de enlace Recurso relacionado
866 #0 - MENCIÓN TEXTUAL DE FONDOS--UNIDAD BIBLIOGRÁFICA BÁSICA
Fondos Fondos: 1946-1949
942 ## - ELEMENTOS DE ENTRADA SECUNDARIOS (KOHA)
Fuente del sistema de clasificación o colocación Clasificación decimal universal
Suprimir en OPAC No
Tipo de ítem Koha Revista
955 ## - CATALOGADOR - EDICIÓN
Nombre de catalogador Pilar Fernández Vera
Holdings
Estatus retirado Estado de pérdida Estado de daño No para préstamo Colección Biblioteca de origen Biblioteca actual Ubicación en estantería Fecha de adquisición Fuente de adquisición Total de préstamos Signatura topográfica completa Código de barras Visto por última vez Precio de reemplazo Tipo de ítem Koha
        Periódicos y Revistas Biblioteca del Ateneo de Madrid Biblioteca del Ateneo de Madrid Depósito 1 17/01/2008     Hem-257 1001341 23/02/2023 23/02/2023 Revista